000 00648nam a2200205 u 4500
005 20240802063711.0
008 100817s2007 r 000 0 eng d
020 _a9789700915746
035 _aUPN01000177391
049 _aI
050 4 _aPZ74.9
_bS2.2
100 1 _aSandoval Avila, Alejandro,
_d1957-
_939553
245 0 0 _aArchibaldo /
_cAlejandro Sandoval Ávila ; il. de Julián Cicero.
260 _aMéxico :
_bNorma,
_c2007.
300 _a115 p. :
_bil.
440 0 _aTorre de papel.
_pAzul.
_pA partir de los 9 años
650 4 _aLiteratura infantil mexicana
_910209
650 4 _aLibros y lectura para niños
_92290
905 _aInfantil
999 _c149494
_d149494